000
00255nam a22001097a 4500
999
_c
165563
_d
165563
082
_a
_b
100
_a
Chandrasekhar
245
_a
Reethikaleen swachhand kavyadhara/
_c
by Chandrasekhar.
260
_a
New Delhi:
_b
Rajpal,
_c
650
_a
942
_c
BK